Statistiken für Staaten von Österreich mit einer grenzenlosen Karte

Klicken Sie hier um das Quiz zu spielen!

Allgemein

  • Dieses Quiz wurde 146 mal gespielt
  • Das Durchschnittsergebnis liegt bei 8 aus 9

Antworten auf der Karte

Die Antworten werden auf der Karte rot bzw. grün angezeigt, abhängig davon wie oft sie richtig erraten wurden.
 

Antwortstatistiken

Staaten% Korrekt
Salzburg
93%
Wien
93%
Niederösterreich
92%
Steiermark
92%
Burgenland
91%
Oberösterreich
91%
Tirol
91%
Kärnten
89%
Vorarlberg
89%

Verteilung der Resultate

Perzentil nach korrekt beantworteten Fragen

Anzahl Personen mit jedem Resultat

Ihre Resultats-Entwicklung

Sie haben dieses Quiz noch nicht gespielt